Debt relief for poor countries /

Bibliographic Details
Corporate Author: World Institute for Development Economics Research
Other Authors: Addison, Tony, Hansen, Henrik, 1962-, Tarp, Finn, 1951-
Format: Book
Language:English
Published: New York : Palgrave Macmillan, 2004.
Series:Studies in development economics and policy.
Subjects:

MARC

Tag First Indicator Second Indicator Subfields
LEADER 00000cam a22000004a 4500
001 in00002003205
005 20151031142938.0
008 040419s2004 nyua b 101 0 eng
010 |a  2004049567 
020 |a 1403934827 
020 |a 1403934959 (pbk.) 
035 |a (OCoLC)ocm55008390 
040 |a DLC  |c DLC  |d TXA  |d UtOrBLW 
042 |a pcc 
043 |a d------ 
049 |a TXAM 
050 0 0 |a HJ8899  |b .D4384 2004 
082 0 0 |a 336.3/6  |2 22 
245 0 0 |a Debt relief for poor countries /  |c edited by Tony Addison, Henrik Hansen and Finn Tarp. 
264 1 |a New York :  |b Palgrave Macmillan,  |c 2004. 
300 |a xix, 318 pages :  |b illustrations ;  |c 22 cm. 
336 |a text  |b txt  |2 rdacontent 
337 |a unmediated  |b n  |2 rdamedia 
338 |a volume  |b nc  |2 rdacarrier 
490 1 |a Studies in development economics and policy 
500 |a This book is an outcome of a UNU-WIDER conference held in Helsinki in August 2001. 
504 |a Includes bibliographical references and index. 
650 0 |a Debt relief  |z Developing countries  |v Congresses. 
650 0 |a Debts, External  |z Developing countries  |v Congresses. 
700 1 |a Addison, Tony. 
700 1 |a Hansen, Henrik,  |d 1962- 
700 1 |a Tarp, Finn,  |d 1951- 
710 2 |a World Institute for Development Economics Research. 
830 0 |a Studies in development economics and policy. 
948 |a cataloged  |b h  |c 2004/11/19  |d c  |e dmitchel  |f 10:00:00 am 
994 |a E0  |b TXA 
999 |a MARS 
999 f f |s df0dc09f-231d-3300-90fd-b4a70899c069  |i 4582f5d7-8742-3f74-a277-f153b5b64064  |t 0 
952 f f |p ric  |a Texas A&M University  |b Rellis Campus  |c Joint Library Facility  |d Remote Storage  |t 0  |e HJ8899 .D4384 2004  |h Library of Congress classification  |i unmediated -- volume  |m A14831637829 
998 f f |a HJ8899 .D4384 2004  |t 0  |l Remote Storage